00705nam a22002417a 450000100060000000300080000600500170001400800410003102000150007203500190008704000350010604100080014108200250014910000260017424501070020025000120030726000420031930000320036150000190039365000140041270000210042670000160044767872BD-RjUL20211209081713.0170329s1997 nyua|||| |||| 001 0 eng d a0471072591 a(BD-RjUL)68081 aBD-RjULbengcBD-RjULdBD-RjUL aeng 223a551.48bVAH 1997 aWanielista, Martin P  aHydrology :bwater quantity and quality control /cMartin P Wanielista, Robert Kersten and Ron Ealgin. a2nd.ed. aNew York :bJohn Wiley & Sons,c1997. axx, 567 p. :bill. ;c27 cm aIncludes index aHidrology aKersten, Robert  aEalgin, Ron